Lectures on administrative law
Enregistré dans:
| Auteur principal: | |
|---|---|
| Format: | Livre |
| Publié: |
Lucknow :
Eastern Book Co.,
1998.
|
| Édition: | 3rd ed. |
| Sujets: | |
| Tags: |
Ajouter un tag
Pas de tags, Soyez le premier à ajouter un tag!
|
MARC
| LEADER | 00000nam a22000007a 4500 | ||
|---|---|---|---|
| 020 | |a 9788170129882 |c TZS 18,000/= | ||
| 040 | |a MUL |b eng |e AACR | ||
| 082 | |a 342.06 TAK | ||
| 100 | |a Takwani, C. K. | ||
| 245 | |a Lectures on administrative law |c / C. K. Takwani, M. C. Thakker and D. A. Desai | ||
| 250 | |a 3rd ed. | ||
| 260 | |a Lucknow : |b Eastern Book Co., |c 1998. | ||
| 300 | |a lvi, 447 p. ; |c 22 cm. | ||
| 504 | |a Includes subject index | ||
| 546 | |a eng | ||
| 650 | |a Administrative law |z India | ||
| 942 | |c BK | ||
| 999 | |c 10608 |d 10608 | ||